Statistics for Biggest Cities in China on a Map

Click here to take the quiz!

General Stats

  • This quiz has been taken 433 times
  • The average score is 12 of 15

Answers on the Map

Answers color-coded by a green-red scale on the quiz's map according to % correct below.
 

Answer Stats

PopulationCity% Correct
16,704,306Beijing
100%
20,217,748Shanghai
99%
10,641,408Guangzhou
98%
7,541,527Wuhan
92%
9,583,277Tianjin
91%
5,403,052Xi'an
91%
7,701,692Chengdu
87%
10,358,381Shenzhen
87%
6,263,790Chongqing
86%
4,596,313Harbin
83%
5,827,888Nanjing
75%
5,849,537Hangzhou
74%
5,718,232Shenyang
72%
7,271,322Dongguan
45%
6,771,895Foshan
43%

Score Distribution

Percentile by Number Answered

Percent of People with Each Score

Your Score History

You have not taken this quiz